Systematic theology : (Record no. 2776)

MARC details
000 -LEADER
fixed length control field 00714nam a2200253Ii 4500
001 - CONTROL NUMBER
control field 1940131
003 - CONTROL NUMBER IDENTIFIER
control field OCoLC
005 - DATE AND TIME OF LATEST TRANSACTION
control field 20190329113214.0
008 - FIXED-LENGTH DATA ELEMENTS--GENERAL INFORMATION
fixed length control field 760121r19751872miu 000 0 eng d
020 ## - INTERNATIONAL STANDARD BOOK NUMBER
International Standard Book Number 0802881351
035 ## - SYSTEM CONTROL NUMBER
System control number tcgc9466
040 ## - CATALOGING SOURCE
Original cataloging agency ICU
Transcribing agency ICU
Modifying agency MAL
082 ## - DEWEY DECIMAL CLASSIFICATION NUMBER
Classification number REF 230
Item number H688S
090 ## - LOCALLY ASSIGNED LC-TYPE CALL NUMBER (OCLC); LOCAL CALL NUMBER (RLIN)
Classification number (OCLC) (R) ; Classification number, CALL (RLIN) (NR) BT75
Local cutter number (OCLC) ; Book number/undivided call number, CALL (RLIN) .H633 1975
092 ## - LOCALLY ASSIGNED DEWEY CALL NUMBER (OCLC)
Classification number 230
Item number H66s
100 1# - MAIN ENTRY--PERSONAL NAME
Personal name Hodge, Charles,
Dates associated with a name 1797-1878.
245 10 - TITLE STATEMENT
Title Systematic theology :
Statement of responsibility, etc. by Charles Hodge.
Remainder of title Soteriology /
260 ## - PUBLICATION, DISTRIBUTION, ETC.
Place of publication, distribution, etc. Grand Rapids :
Name of publisher, distributor, etc. Eerdmans,
Date of publication, distribution, etc. 1975.
300 ## - PHYSICAL DESCRIPTION
Extent 3 v. ;
Dimensions 22 cm.
500 ## - GENERAL NOTE
General note Originally published in 1872; reprinted, 1975.
650 #0 - SUBJECT ADDED ENTRY--TOPICAL TERM
Topical term or geographic name entry element Theology, Doctrinal.
650 #0 - SUBJECT ADDED ENTRY--TOPICAL TERM
Topical term or geographic name entry element Presbyterian Church
General subdivision Doctrines.
942 ## - ADDED ENTRY ELEMENTS (KOHA)
Source of classification or shelving scheme Dewey Decimal Classification
Koha item type Reference
Holdings
Withdrawn status Lost status Source of classification or shelving scheme Damaged status Not for loan Collection code Home library Current library Shelving location Date acquired Cost, normal purchase price Serial Enumeration / chronology Total Checkouts Full call number Barcode Date last seen Price effective from Koha item type
    Dewey Decimal Classification   Not For Loan Reference Harvest Mission College Harvest Mission College Reference 18.10.2018 2600.00 Vol - 1   REF 230 H688S 003339 18.10.2018 18.10.2018 Reference
    Dewey Decimal Classification   Not For Loan Reference Harvest Mission College Harvest Mission College Reference 18.10.2018 2600.00 Vol - 2   REF 230 H688S 003340 29.03.2019 18.10.2018 Reference
    Dewey Decimal Classification   Not For Loan Reference Harvest Mission College Harvest Mission College Reference 18.10.2018 2600.00 Vol - 3   REF 230 H688S 003341 29.03.2019 18.10.2018 Reference

OPAC Designed and Maintained by HMC Library Team.
Copyright © HMC Library,Greater Noida, UP.
For any Suggestions/Query Contact library via Email:libhmc@gmail.com